Fast Typing 1 to 40 - Statistics

General Stats
  • This quiz has been taken 223 times
  • The average score is 30 of 40
Answer Stats
Number % Correct
1
100%
2
98%
3
96%
4
96%
5
96%
6
96%
7
96%
8
96%
9
96%
10
95%
11
95%
12
90%
13
89%
14
89%
15
88%
16
86%
17
86%
18
86%
19
85%
20
82%
21
78%
22
77%
23
75%
24
72%
25
72%
26
71%
27
70%
28
68%
29
68%
30
66%
31
64%
32
59%
33
55%
34
49%
35
46%
36
45%
37
45%
38
43%
39
41%
40
38%
No matching quizzes found
Score Distribution
Percent of People with Each Score
Percentile by Number Answered
Your Score History
You have not taken this quiz